|
|
|
|
| LEADER |
01444cam a2200301 u 4500 |
| 001 |
10077249 |
| 003 |
upatras |
| 005 |
20231116132646.0 |
| 008 |
090729s2004 f eng |
| 020 |
|
|
|a 9608424232
|
| 040 |
|
|
|a GR-PaULI
|c GR-PaULI
|
| 041 |
0 |
|
|a eng
|
| 082 |
1 |
4 |
|a 306
|2 22
|
| 245 |
1 |
0 |
|a The periphery viewing the world
|b selected papers from the Fourth International Conference of the Hellenic Association for the study of English
|c edited by Christina Dokou, Efterpi Mitsi, Bessie Mitsikopoulou
|
| 260 |
|
|
|a Athens
|b National and Kapodistrian of Athens. School of Philosophy. Faculty of English Studies
|c 2004
|
| 300 |
|
|
|a viii, [2], 273, [5] p.
|c 24 cm.
|
| 490 |
0 |
|
|a Parousia journal : Monograph series
|v 60
|
| 504 |
|
|
|a Includes bibliographical notes and index
|
| 650 |
|
4 |
|a Πνευματική καλλιέργεια
|9 32766
|
| 700 |
1 |
|
|a Ντόκου, Χριστίνα,
|9 77702
|
| 700 |
1 |
|
|a Μήτση, Ευτέρπη
|9 77703
|
| 700 |
1 |
|
|a Μητσικοπούλου, Βασιλική
|9 77704
|
| 760 |
1 |
|
|a Parousia journal
|g 60
|
| 852 |
|
|
|a GR-PaULI
|b ΠΑΤΡΑ
|b ΦΙΛΟΛΟΓΙΑ
|k ΔΑΝΕΙΖ-6
|h 306 INT
|m 004510
|p 025000143590
|t 1
|
| 942 |
|
|
|2 ddc
|
| 952 |
|
|
|0 0
|1 0
|2 ddc
|4 0
|6 306_000000000000000_INT
|7 0
|9 79911
|a LISP
|b LISP
|c BSC
|d 2016-04-24
|i 004510
|l 0
|o 306 INT
|p 025000143590
|r 2016-04-24 00:00:00
|t 1
|w 2016-04-24
|y BK15
|x Μεταφορά Τμήματος Φιλολογίας
|
| 998 |
|
|
|c ELIDOC
|d 2009-07
|
| 999 |
|
|
|c 53094
|d 53094
|